[Event "Arco op 32nd"]
[Site "Arco"]
[Date "2010.10.22"]
[Round "7"]
[White "Rampini, Carlo"]
[Black "Grinza, Andrea"]
[Result "1-0"]
[WhiteElo "1791"]
[BlackElo "2239"]
[PlyCount "85"]
[EventDate "2010.10.16"]
[EventType "swiss"]
[EventRounds "9"]
[EventCountry "ITA"]
[SourceTitle "EXT 2024"]
[Source "ChessBase"]
[SourceDate "2023.10.10"]
[SourceVersion "1"]
[SourceVersionDate "2023.10.10"]
[SourceQuality "1"]

1. e4 c6 2. d4 d5 3. exd5 cxd5 4. Bd3 Nc6 5. c3 Nf6 6. Bf4 Bg4 7. Qb3 Qc8 8. h3 Bh5 9. g4 Bg6 10. Bxg6 hxg6 11. Nd2 e6 12. Ngf3 Nxg4 13. Rg1 Rxh3 14. Ng5 Rh5 15. Rxg4 e5 16. Qxd5 Rxg5 17. Rxg5 exf4 18. 0-0-0 Be7 19. Rh1 Qd7 20. Rh8+ Bf8 21. Qc5 Qe7 22. Ne4 0-0-0 23. Qxe7 Bxe7 24. Rxd8+ Nxd8 25. Rg1 b6 26. d5 Nb7 27. b4 Kd7 28. Kc2 Nd6 29. Kd3 Nxe4 30. Kxe4 g5 31. f3 g6 32. b5 Kd6 33. c4 f5+ 34. Kd3 Bf6 35. a4 Kd7 36. Rh1 g4 37. fxg4 fxg4 38. Rh6 g3 39. Rxg6 Ke7 40. Ke4 Kf7 41. Rg4 Bd8 42. Rxf4+ Ke7 43. Rg4 1-0

[Event "Arco op 32nd"]
[Site "Arco"]
[Date "2010.10.19"]
[Round "4"]
[White "De Bettin, Sergio"]
[Black "Rampini, Carlo"]
[Result "0-1"]
[WhiteElo "1825"]
[BlackElo "1791"]
[PlyCount "115"]
[EventDate "2010.10.16"]
[EventType "swiss"]
[EventRounds "9"]
[EventCountry "ITA"]
[SourceTitle "EXT 2024"]
[Source "ChessBase"]
[SourceDate "2023.10.10"]
[SourceVersion "1"]
[SourceVersionDate "2023.10.10"]
[SourceQuality "1"]

1. e4 d5 2. exd5 Qxd5 3. Nc3 Qd6 4. Be2 a6 5. Nf3 Nf6 6. h3 e5 7. d4 e4 8. Ne5 Nc6 9. Be3 Nxe5 10. dxe5 Qxe5 11. Bd4 Qh5 12. Bxf6 gxf6 13. Qd4 Be6 14. Qxe4 0-0-0 15. 0-0 Rg8 16. Bf3 c6 17. Kh1 Bd6 18. Qe3 f5 19. a3 Kb8 20. Rad1 f4 21. Qe4 Qg5 22. Qe2 Qh4 23. Kh2 Qe7 24. b4 b5 25. Ne4 Bd5 26. Rfe1 Bc4 27. Qd2 Bc7 28. Qc1 Qh4 29. Rxd8+ Rxd8 30. Qb2 Re8 31. g3 fxg3+ 32. fxg3 Bxg3+ 33. Nxg3 Rxe1 34. Qh8+ Kb7 35. Bg4 Be6 36. Qc3 Bxg4 37. Qxe1 Qxh3+ 38. Kg1 Be6 39. Qe5 Qg4 40. Qd6 Qg5 41. Kf2 Qg4 42. c3 h5 43. Ke3 Qg5+ 44. Kf2 h4 45. Ne4 Qf5+ 46. Ke3 Qd5 47. Nc5+ Kc8 48. Qf8+ Qd8 49. Qxd8+ Kxd8 50. Kf3 Bc8 51. Kf4 Ke7 52. Nd3 Kd6 53. Ke4 Be6 54. Nc5 h3 55. Kf3 f5 56. Nxe6 Kxe6 57. Kg3 Ke5 58. Kxh3 0-1

[Event "Rome ASR op"]
[Site "Rome"]
[Date "2010.10.08"]
[Round "5"]
[White "Rampini, Carlo"]
[Black "Bogosavljevic, Miodrag"]
[Result "0-1"]
[WhiteElo "1791"]
[BlackElo "1883"]
[PlyCount "54"]
[EventDate "2010.09.16"]
[EventType "swiss"]
[EventRounds "5"]
[EventCountry "ITA"]
[SourceTitle "EXT 2024"]
[Source "ChessBase"]
[SourceDate "2023.10.10"]
[SourceVersion "1"]
[SourceVersionDate "2023.10.10"]
[SourceQuality "1"]

1. Nf3 d5 2. d4 Nf6 3. Bf4 e6 4. Nbd2 c5 5. e3 Nc6 6. c3 Bd6 7. Bb5 0-0 8. Bg5 cxd4 9. exd4 Be7 10. Bd3 Re8 11. h4 Qc7 12. 0-0 Ng4 13. Bxh7+ Kxh7 14. Bxe7 e5 15. Ng5+ Kg8 16. Nxf7 Rxe7 17. Nxe5 Ncxe5 18. dxe5 Rxe5 19. Nf3 Rh5 20. Re1 Bf5 21. Qxd5+ Kh7 22. g3 Rd8 23. Qb5 Bg6 24. Qb4 Nxf2 25. Kxf2 Rf5 26. Rad1 Rdf8 27. Re3 Qc6 0-1

[Event "Arco op 31st"]
[Site "Arco"]
[Date "2009.10.24"]
[Round "8"]
[White "Rampini, Carlo"]
[Black "Schrott, Ernst"]
[Result "1-0"]
[WhiteElo "1820"]
[BlackElo "2059"]
[PlyCount "67"]
[EventDate "2009.10.17"]
[EventType "swiss"]
[EventRounds "9"]
[EventCountry "ITA"]
[SourceTitle "EXT 2010"]
[Source "ChessBase"]
[SourceDate "2010.11.25"]
[SourceVersion "1"]
[SourceVersionDate "2010.11.25"]
[SourceQuality "1"]

1. e4 d5 2. exd5 Nf6 3. Nf3 Nxd5 4. d4 g6 5. g3 Bg7 6. Bg2 0-0 7. 0-0 Nc6 8. c3 Bg4 9. h3 Bf5 10. Re1 Re8 11. Na3 Nb6 12. Bf4 a6 13. Qe2 h6 14. Nh4 Be6 15. Nxg6 Bd5 16. Nh4 Bxg2 17. Nxg2 Nd5 18. Ne3 Nxf4 19. gxf4 e6 20. Nac4 Ne7 21. Kh1 Ng6 22. Qg4 Qf6 23. Ng2 h5 24. Qg3 Bh6 25. Re4 Kh7 26. Rae1 Rg8 27. Qf3 Rg7 28. Nce3 Rag8 29. Qxh5 Ne7 30. Ng4 Qg6 31. Nh4 Qxh5 32. Nf6+ Kh8 33. Nxh5 Bg5 34. fxg5 1-0

[Event "Alvise Zichichi mem 7th"]
[Site "Ladispoli"]
[Date "2009.09.27"]
[Round "7"]
[White "Iacoacci, Giancarlo"]
[Black "Rampini, Carlo"]
[Result "1-0"]
[WhiteElo "1820"]
[BlackElo "1820"]
[PlyCount "127"]
[EventDate "2009.09.19"]
[EventType "swiss"]
[EventRounds "8"]
[EventCountry "ITA"]
[SourceTitle "EXT 2012"]
[Source "ChessBase"]
[SourceDate "2011.11.24"]
[SourceVersion "1"]
[SourceVersionDate "2011.11.24"]
[SourceQuality "1"]

1. d4 Nf6 2. Nf3 g6 3. Bf4 d6 4. Nc3 Bg7 5. e4 0-0 6. Qd2 c5 7. 0-0-0 cxd4 8. Nd5 Nxd5 9. exd5 e5 10. dxe6 Bxe6 11. a3 Nc6 12. Bh6 Rc8 13. Bxg7 Kxg7 14. Nxd4 Qf6 15. f3 Rfd8 16. Bb5 Ne5 17. Rhe1 a6 18. Nxe6+ fxe6 19. Bd3 Rc7 20. Kb1 b5 21. Qe3 Rdc8 22. c3 Re8 23. Bf1 Rc6 24. h3 Nf7 25. f4 e5 26. g3 Rd8 27. Bg2 Rc4 28. Bd5 exf4 29. Qf3 Ne5 30. Qf2 Rc5 31. gxf4 Nc4 32. Bxc4 bxc4 33. Qd4 Qxd4 34. Rxd4 d5 35. Re7+ Kg8 36. Kc2 a5 37. f5 g5 38. Rg4 h6 39. h4 Kf8 40. Re6 Rb5 41. Rxh6 Kg7 42. Rg6+ Kf7 43. R4xg5 Rdb8 44. b4 cxb3+ 45. Kb2 Re8 46. Re6 Rxe6 47. fxe6+ Kxe6 48. a4 Rb8 49. h5 d4 50. cxd4 Rb4 51. Rxa5 Rxd4 52. Kxb3 Rh4 53. Rb5 Kd6 54. a5 Rh3+ 55. Kc4 Rh4+ 56. Kd3 Rh3+ 57. Ke4 Kc6 58. Rg5 Rh4+ 59. Kf5 Rb4 60. Kg6 Rb7 61. h6 Rd7 62. h7 Rd6+ 63. Kh5 Rd1 64. Kh6 1-0

[Event "Viterbo op 6th"]
[Site "Viterbo"]
[Date "2009.05.31"]
[Round "2"]
[White "Benincasa, Marco"]
[Black "Rampini, Carlo"]
[Result "0-1"]
[WhiteElo "1981"]
[BlackElo "1788"]
[PlyCount "78"]
[EventDate "2009.05.30"]
[EventType "swiss"]
[EventRounds "7"]
[EventCountry "ITA"]
[SourceTitle "EXT 2011"]
[Source "ChessBase"]
[SourceDate "2010.11.26"]
[SourceVersion "1"]
[SourceVersionDate "2010.11.26"]
[SourceQuality "1"]

1. e4 e5 2. Nf3 Nc6 3. d4 exd4 4. Nxd4 Nf6 5. Nxc6 bxc6 6. Bd3 Bc5 7. 0-0 0-0 8. Nd2 d6 9. Qf3 Ng4 10. Nc4 Be6 11. h3 Bxc4 12. hxg4 Be6 13. g5 Rb8 14. b3 Bd4 15. Rb1 Be5 16. Qh5 f6 17. g6 hxg6 18. Qxg6 Qe8 19. Qxe8 Rbxe8 20. Be3 c5 21. f4 Bd4 22. Rbe1 f5 23. Bxd4 cxd4 24. exf5 Bd5 25. Kf2 Kf7 26. g4 Rh8 27. Rxe8 Rh2+ 28. Kg3 Rg2+ 29. Kh3 Kxe8 30. Re1+ Kf8 31. Re2 Rg1 32. Be4 Bf7 33. g5 Ra1 34. Bc6 Rxa2 35. g6 d3 36. Re3 dxc2 37. Rc3 Bxb3 38. Rxb3 Ra3 39. Rxa3 c1Q 0-1

[Event "Assisi op-B 4th"]
[Site "Assisi"]
[Date "2008.12.21"]
[Round "3"]
[White "Cicioni, Luigi"]
[Black "Rampini, Carlo"]
[Result "1-0"]
[WhiteElo "1673"]
[BlackElo "1488"]
[PlyCount "95"]
[EventDate "2008.12.20"]
[EventType "swiss"]
[EventRounds "7"]
[EventCountry "ITA"]
[SourceTitle "EXT 2011"]
[Source "ChessBase"]
[SourceDate "2010.11.26"]
[SourceVersion "1"]
[SourceVersionDate "2010.11.26"]
[SourceQuality "1"]

1. e4 e5 2. Bc4 Nf6 3. d4 exd4 4. Nf3 d5 5. exd5 Bb4+ 6. c3 Be7 7. Qxd4 0-0 8. 0-0 Nbd7 9. Bb3 Nc5 10. Rd1 Nxb3 11. axb3 b6 12. c4 Bc5 13. Qd3 Re8 14. Bg5 Qd6 15. Nc3 Bd7 16. Re1 a5 17. Bh4 Nh5 18. Ng5 Qh6 19. Nge4 Bb4 20. Qf3 Nf6 21. Nxf6+ gxf6 22. Rxe8+ Rxe8 23. Ne4 Qxh4 24. Nxf6+ Kh8 25. Nxd7 Qe7 26. Qf6+ Qxf6 27. Nxf6 Re2 28. Rb1 Bc5 29. Ng4 Bd4 30. Kf1 Rc2 31. Ne3 Rxb2 32. Rxb2 Bxb2 33. Nf5 Ba3 34. Ke2 Kg8 35. Kf3 f6 36. Ke4 Kf7 37. Nd4 Kg6 38. g4 Bd6 39. f4 Bc5 40. h4 h5 41. gxh5+ Kxh5 42. Nb5 Kg6 43. h5+ Kf7 44. Kf5 Bf8 45. Nxc7 Bd6 46. Nb5 Bc5 47. h6 Bf8 48. h7 1-0

[Event "Assisi op-B 4th"]
[Site "Assisi"]
[Date "2008.12.20"]
[Round "2"]
[White "Rampini, Carlo"]
[Black "Serafini, Gino"]
[Result "0-1"]
[WhiteElo "1488"]
[BlackElo "1863"]
[PlyCount "76"]
[EventDate "2008.12.20"]
[EventType "swiss"]
[EventRounds "7"]
[EventCountry "ITA"]
[SourceTitle "EXT 2010"]
[Source "ChessBase"]
[SourceDate "2010.11.25"]
[SourceVersion "1"]
[SourceVersionDate "2010.11.25"]
[SourceQuality "1"]

1. e4 e6 2. d4 d5 3. exd5 exd5 4. c4 Nf6 5. Nc3 Bb4 6. Bd2 0-0 7. a3 Re8+ 8. Be3 Bxc3+ 9. bxc3 Ng4 10. Kd2 Qe7 11. Qf3 c6 12. c5 Be6 13. Bd3 Nd7 14. h3 Nxe3 15. Qxe3 b6 16. f4 Qf8 17. Qf3 f5 18. cxb6 axb6 19. a4 Nf6 20. Ne2 Ne4+ 21. Kc2 Re7 22. g4 Rea7 23. Ng3 Rxa4 24. Rxa4 Rxa4 25. Bxe4 dxe4 26. Qe3 Ra2+ 27. Kd1 Qa3 28. Ne2 Ra1+ 29. Nc1 Bb3+ 30. Ke2 Qb2+ 31. Qd2 Bc4+ 32. Ke3 Qb5 33. g5 Rb1 34. Rh2 Qd5 35. h4 c5 36. Ne2 Rf1 37. Ng1 Rxg1 38. Qf2 Ra1 0-1